Pub Quiz Round 3 - Capital Cities - Statistics

General Stats
  • This quiz has been taken 2,220 times
  • The average score is 13 of 20
Answer Stats
Country Capital City % Correct
1 England London
100%
5 Russia Moscow
95%
2 Norway Oslo
92%
12 Denmark Copenhagen
84%
13 Brazil Brasília
81%
19 Thailand Bangkok
78%
18 Switzerland Bern
77%
9 Luxembourg Luxembourg City
77%
10 Argentina Buenos Aires
76%
3 Iceland Reykjavik
74%
15 Iraq Baghdad
65%
20 Kenya Nairobi
64%
4 Latvia Riga
63%
7 Syria Damascus
60%
16 United Arab Emirates Abu Dhabi
59%
8 Azerbaijan Baku
52%
17 Ecuador Quito
47%
6 Barbados Bridgetown
31%
14 C.H.A.D. N'Djamena
22%
11 Botswana Gaborone
21%
No matching quizzes found
Score Distribution
Percent of People with Each Score
Percentile by Number Answered
Your Score History
You have not taken this quiz